An introduction to mechanical vibrations /
This book is about: Dynamics; Periodic motion; Energy methods; Forced periodic motion; Inital conditions and transient vibration; Damping; ...
Sparad:
| Huvudupphovsman: | |
|---|---|
| Materialtyp: | Bok |
| Språk: | English |
| Publicerad: |
New York :
John Wiley and Sons,
1989.
|
| Upplaga: | 3rd ed. |
| Ämnen: | |
| Taggar: |
Lägg till en tagg
Inga taggar, Lägg till första taggen!
|
| Thư viện lưu trữ: | Mạng thư viện Đại học Đà Nẵng |
|---|
| LEADER | 01246cam a2200361 i 4500 | ||
|---|---|---|---|
| 001 | 000048927 | ||
| 003 | 8653 | ||
| 005 | 20051111141942.0 | ||
| 008 | 010324b1989 vm 000 eng | ||
| 020 | |a 0471845450 | ||
| 040 | |a IRC |c IRC |d IRC | ||
| 041 | 0 | |a eng | |
| 082 | 1 | 4 | |a 620.3 |b ST-R |
| 100 | 1 | |a Steidel, Robert F. |q (Robert Francis), |d 1926- | |
| 245 | 0 | 3 | |a An introduction to mechanical vibrations / |c Robert F. Steidel. |
| 250 | |a 3rd ed. | ||
| 260 | |a New York : |b John Wiley and Sons, |c 1989. | ||
| 300 | |a 439 p. ; |c 23.5cm. | ||
| 520 | 3 | |a This book is about: Dynamics; Periodic motion; Energy methods; Forced periodic motion; Inital conditions and transient vibration; Damping; ... | |
| 630 | 0 | 4 | |a Vibration. |
| 650 | 0 | 4 | |a Vibration. |
| OWN | |a DUT | ||
| AVA | |a UDN50 |b DUT |c Book |d 620.3 ST-R |e available |t Error 5001 Not defined in file expand_doc_bib_avail. |f 1 |g 0 |h N |i 0 |j SH |k 1 | ||
| 999 | |a From the UDN01 | ||
| AVA | |a UDN50 |b DUT |c Book |d 620.3 ST-R |e available |t Error 5001 Not defined in file expand_doc_bib_avail. |f 1 |g 0 |h N |i 0 |j SH |k 1 | ||
| TYP | |a Monograph | ||
| TYP | |a Printed language | ||
| 980 | |a Mạng thư viện Đại học Đà Nẵng | ||


